000 00395cam a2200157ua 4500
003 OSt
008 250823b |||||||| |||| 00| 0 eng d
041 _amal
082 _a629.2275
_bSIE/HE
100 _aHerrmann, Siegfried .
_97763
245 _aMotor cycle /
250 _a1 /
260 _aThiruvananthapuram :
_bState Instititute of Languages ,
_c1972.
300 _a166 ; .
942 _cBK
999 _c6059
_d6059